Cái cười trong ca dao Nam bộ : Luận văn Thạc sĩ Văn học chuyên ngành Văn học Việt Nam

Giới thiệu chung về ca dao Nam Bộ và cái cười, những biểu hiện và chức năng của cái cười trong ca dao Nam Bộ, nghệ thuật tạo cái cười trong ca dao Nam Bộ

Đã lưu trong:
Bibliografiske detaljer
Hovedforfatter: Nguyễn, Văn Kiệt
Format: Bog
Sprog:Undetermined
Udgivet: Cần Thơ Trường Đại học Cần Thơ 2011
Fag:
Tags: Tilføj Tag
Ingen Tags, Vær først til at tagge denne postø!
Thư viện lưu trữ: Trung tâm Học liệu Trường Đại học Cần Thơ
LEADER 01032nam a2200217Ia 4500
001 CTU_169981
008 210402s9999 xx 000 0 und d
082 |a 398.8 
082 |b K308 
088 |a 230813 
100 |a Nguyễn, Văn Kiệt 
245 0 |a Cái cười trong ca dao Nam bộ : 
245 0 |b Luận văn Thạc sĩ Văn học chuyên ngành Văn học Việt Nam 
245 0 |c Nguyễn Văn Kiệt ; Nguyễn Thị Ngọc Điệp (Hướng dẫn khoa học) 
260 |a Cần Thơ 
260 |b Trường Đại học Cần Thơ 
260 |c 2011 
520 |a Giới thiệu chung về ca dao Nam Bộ và cái cười, những biểu hiện và chức năng của cái cười trong ca dao Nam Bộ, nghệ thuật tạo cái cười trong ca dao Nam Bộ 
650 |a Nghệ thuật dân gian, Việt Nam,Folk art, Veietnamese 
904 |i Nhung, Trúc 
980 |a Trung tâm Học liệu Trường Đại học Cần Thơ